Did India Fail Frontier Gandhi?/ (Record no. 177242)

MARC details
000 -LEADER
fixed length control field 00626nam a22001817a 4500
005 - DATE AND TIME OF LATEST TRANSACTION
control field 20210215173033.0
010 ## - LCCN (DPL NO)
LC control number ENG-128986
020 ## - INTERNATIONAL STANDARD BOOK NUMBER
Terms of availability 695.00
International Standard Book Number 978-93-86473-92-9
035 ## - SYSTEM CONTROL NUMBER
System control number EN-112518
037 ## - SOURCE OF ACQUISITION
Source of stock number/acquisition DBAD/PUB
082 ## - DEWEY DECIMAL CLASSIFICATION NUMBER
Classification number 954.035
100 ## - MAIN ENTRY--PERSONAL NAME
Personal name Singh, RNP
245 ## - TITLE STATEMENT
Title Did India Fail Frontier Gandhi?/
Statement of responsibility, etc RNP Singh
Remainder of title Durand Line
260 ## - PUBLICATION, DISTRIBUTION, ETC. (IMPRINT)
Place of publication, distribution, etc New Delhi
Name of publisher, distributor, etc Vitasta Publishing Pvt. Ltd.
Date of publication, distribution, etc 2020
270 ## - ADDRESS
City New Delhi
Address 2/15, Ansari Roaad, Daryaganj
Postal code 110002
Electronic mail address info@vitastapublishing.com
300 ## - PHYSICAL DESCRIPTION
Extent xxxix+310p.
Dimensions 23cm(hbk)
Other physical details Including Maps, Illustrations, and index.
942 ## - ADDED ENTRY ELEMENTS (KOHA)
Source of classification or shelving scheme Dewey Decimal Classification
Item type English Books
Classification part 954.035
Call number suffix SIN
Holdings
Withdrawn status Lost status Not for loan Collection code Home library Current library Date acquired Source of acquisition Cost, normal purchase price Full call number Barcode Copy number Cost, replacement price Koha item type
      Non-fiction Ashok Vihar Ashok Vihar 15/02/2021 DBAD/PUB 695.00 954.035 SIN EN-112518 1 695.00 English Books

© Delhi Public Library
Hit Counter
free hit counter